[Event "Victoria Grand Pacific op 8th"]
[Site "Victoria"]
[Date "2014.04.20"]
[Round "4"]
[White "Cao, Jason"]
[Black "Berry, Jonathan"]
[Result "1/2-1/2"]
[WhiteElo "2302"]
[BlackElo "2302"]
[PlyCount "68"]
[EventDate "2014.04.18"]
[EventType "swiss"]
[EventRounds "6"]
[EventCountry "CAN"]
[SourceTitle "CBM 160 Extra"]
[Source "ChessBase"]
[SourceDate "2014.07.01"]
[SourceVersion "1"]
[SourceVersionDate "2014.07.01"]
[SourceQuality "1"]

1. e4 e5 2. Nf3 Nc6 3. Bb5 g6 4. 0-0 Bg7 5. c3 a6 6. Ba4 d6 7. d4 Bd7 8. Be3 Nf6 9. d5 Ne7 10. Bxd7+ Qxd7 11. Qd3 Ng4 12. Bd2 f5 13. Ng5 fxe4 14. Nxe4 Nf6 15. c4 Nxe4 16. Qxe4 0-0 17. Nc3 Nf5 18. Qd3 Bh6 19. Bxh6 Nxh6 20. Ne4 Nf5 21. f4 Qe7 22. Rae1 exf4 23. Rxf4 Qe5 24. Rf2 Kg7 25. Rfe2 Nd4 26. Rd2 Nf5 27. Ree2 Kg8 28. Ng5 Qf4 29. Nf3 Nh4 30. Rf2 Rae8 31. Rde2 Rxe2 32. Qxe2 Nxf3+ 33. Rxf3 Qd4+ 34. Kf1 Rxf3+ 1/2-1/2

[Event "Victoria Grand Pacific op 8th"]
[Site "Victoria"]
[Date "2014.04.19"]
[Round "2"]
[White "Chan, James"]
[Black "Berry, Jonathan"]
[Result "0-1"]
[WhiteElo "2080"]
[BlackElo "2302"]
[PlyCount "36"]
[EventDate "2014.04.18"]
[EventType "swiss"]
[EventRounds "6"]
[EventCountry "CAN"]
[SourceTitle "CBM 160 Extra"]
[Source "ChessBase"]
[SourceDate "2014.07.01"]
[SourceVersion "1"]
[SourceVersionDate "2014.07.01"]
[SourceQuality "1"]

1. e4 c6 2. d4 d5 3. e5 c5 4. dxc5 Nc6 5. a3 Nxe5 6. Nf3 Nxf3+ 7. Qxf3 e6 8. b4 Qf6 9. Qxf6 Nxf6 10. Bb2 Bd7 11. Nd2 Be7 12. Bd3 0-0 13. 0-0 b6 14. cxb6 axb6 15. c4 Rfd8 16. Rfd1 Ba4 17. Be2 Bxd1 18. Bxd1 Bxb4 0-1

[Event "Victoria Grand Pacific op 3rd"]
[Site "Victoria"]
[Date "2009.04.12"]
[Round "4"]
[White "Berry, Jonathan"]
[Black "Huang, Richard"]
[Result "1/2-1/2"]
[WhiteElo "2322"]
[BlackElo "1869"]
[PlyCount "73"]
[EventDate "2009.04.10"]
[EventType "swiss"]
[EventRounds "6"]
[EventCountry "CAN"]
[SourceTitle "CBM 130 Extra"]
[Source "ChessBase"]
[SourceDate "2009.07.02"]
[SourceVersion "2"]
[SourceVersionDate "2009.07.15"]
[SourceQuality "1"]

1. e4 c5 2. Nf3 e6 3. Nc3 Nc6 4. g3 g6 5. Bg2 Bg7 6. 0-0 Nge7 7. d3 0-0 8. Bf4 e5 9. Be3 d6 10. Nh4 f5 11. f4 Nd4 12. Qd2 Rb8 13. fxe5 Bxe5 14. Bg5 Qc7 15. Bxe7 Qxe7 16. Nd5 Qg7 17. c3 g5 18. Nxf5 Nxf5 19. exf5 Bxf5 20. Be4 Bh3 21. Bg2 Be6 22. a4 h6 23. Qe2 Rbe8 24. Qh5 Bf7 25. Qg4 Be6 26. Rxf8+ Qxf8 27. Qe4 Bf7 28. Qf5 Qg7 29. Be4 Be6 30. Qf3 Rf8 31. Qe2 Qf7 32. Rf1 Qxf1+ 33. Qxf1 Rxf1+ 34. Kxf1 Kf7 35. a5 Bc8 36. Kf2 Bf6 37. Nxf6 1/2-1/2

[Event "British Columbia-ch"]
[Site "Vancouver"]
[Date "2008.10.13"]
[Round "6"]
[White "Berry, Jonathan"]
[Black "Davies, Lucas"]
[Result "1/2-1/2"]
[WhiteElo "2233"]
[BlackElo "2165"]
[PlyCount "112"]
[EventDate "2008.10.10"]
[EventType "tourn"]
[EventRounds "7"]
[EventCountry "CAN"]
[SourceTitle "EXT 2011"]
[Source "ChessBase"]
[SourceDate "2010.11.26"]
[SourceVersion "1"]
[SourceVersionDate "2010.11.26"]
[SourceQuality "1"]

1. c4 c6 2. Nf3 d5 3. e3 Bf5 4. Qb3 Qb6 5. cxd5 Qxb3 6. axb3 Bxb1 7. dxc6 Nxc6 8. Rxb1 a6 9. d4 Nf6 10. Bd2 e6 11. Bd3 Be7 12. Ke2 0-0 13. Rhc1 Rfd8 14. Ra1 Rac8 15. Bc3 Nd5 16. g3 Bf6 17. Be4 g6 18. h4 h5 19. Ba5 Rd7 20. Rc4 Kf8 21. Rac1 Ke8 22. Ne1 Rb8 23. Bd2 Na7 24. Nd3 Rdd8 25. Nc5 Nb5 26. Bd3 Bg7 27. Ne4 Nd6 28. Rc5 Nxe4 29. Bxe4 Bf8 30. R5c2 Bd6 31. Ba5 b6 32. Be1 Kd7 33. Bd3 b5 34. e4 Nb4 35. Bxb4 Bxb4 36. Rc7+ Ke8 37. R1c6 Rxd4 38. Rxa6 Rd7 39. Rxd7 Kxd7 40. Ra7+ Ke8 41. f4 Kf8 42. f5 exf5 43. exf5 gxf5 44. Bxf5 Re8+ 45. Kf3 Re3+ 46. Kxe3 Bc5+ 47. Kf3 Bxa7 48. b4 Bd4 49. b3 Bc3 50. Bd3 Bxb4 51. Bxb5 Kg7 52. g4 hxg4+ 53. Kxg4 f6 54. Kf5 Bc3 55. Be2 Kh8 56. Kg6 f5 1/2-1/2

[Event "British Columbia-ch"]
[Site "Vancouver"]
[Date "2008.10.13"]
[Round "7"]
[White "Patterson, Roger"]
[Black "Berry, Jonathan"]
[Result "1/2-1/2"]
[WhiteElo "2140"]
[BlackElo "2233"]
[PlyCount "68"]
[EventDate "2008.10.10"]
[EventType "tourn"]
[EventRounds "7"]
[EventCountry "CAN"]
[SourceTitle "EXT 2011"]
[Source "ChessBase"]
[SourceDate "2010.11.26"]
[SourceVersion "1"]
[SourceVersionDate "2010.11.26"]
[SourceQuality "1"]

1. e4 g6 2. d4 d6 3. f4 c5 4. dxc5 Qa5+ 5. Nc3 Nf6 6. Bd3 Qxc5 7. Nf3 Bg7 8. Qe2 Bg4 9. Be3 Qc7 10. 0-0 Nbd7 11. h3 Bxf3 12. Qxf3 0-0 13. g4 Rfc8 14. h4 Qd8 15. h5 a6 16. Rf2 b5 17. Raf1 Rxc3 18. bxc3 Rc8 19. Rh2 Rxc3 20. hxg6 hxg6 21. g5 Nh5 22. Rxh5 gxh5 23. Qxh5 Nc5 24. Bd2 Ra3 25. Bc1 Rxa2 26. g6 Nxd3 27. gxf7+ Kf8 28. cxd3 Qb6+ 29. Kh1 Qd4 30. Qh7 Kxf7 31. Rg1 Rc2 32. f5 Qxg1+ 33. Kxg1 Rxc1+ 34. Kf2 b4 1/2-1/2

[Event "British Columbia-ch"]
[Site "Vancouver"]
[Date "2008.10.12"]
[Round "4"]
[White "Berry, Jonathan"]
[Black "Jiganchine, Roman"]
[Result "1/2-1/2"]
[WhiteElo "2233"]
[BlackElo "2218"]
[PlyCount "21"]
[EventDate "2008.10.10"]
[EventType "tourn"]
[EventRounds "7"]
[EventCountry "CAN"]
[SourceTitle "EXT 2011"]
[Source "ChessBase"]
[SourceDate "2010.11.26"]
[SourceVersion "1"]
[SourceVersionDate "2010.11.26"]
[SourceQuality "1"]

1. c4 c6 2. Nf3 d5 3. e3 Nf6 4. b3 Bf5 5. Bb2 e6 6. Nc3 Nbd7 7. Be2 Bd6 8. 0-0 h6 9. d3 0-0 10. e4 Bh7 11. cxd5 1/2-1/2

[Event "British Columbia-ch"]
[Site "Vancouver"]
[Date "2008.10.11"]
[Round "3"]
[White "Pechisker, Alfred"]
[Black "Berry, Jonathan"]
[Result "0-1"]
[WhiteElo "2163"]
[BlackElo "2233"]
[PlyCount "72"]
[EventDate "2008.10.10"]
[EventType "tourn"]
[EventRounds "7"]
[EventCountry "CAN"]
[SourceTitle "EXT 2011"]
[Source "ChessBase"]
[SourceDate "2010.11.26"]
[SourceVersion "1"]
[SourceVersionDate "2010.11.26"]
[SourceQuality "1"]

1. d4 d5 2. c4 c6 3. Nf3 e6 4. Nc3 dxc4 5. a4 Bb4 6. e3 b5 7. Bd2 Bxc3 8. Bxc3 a5 9. d5 f6 10. dxc6 b4 11. Qxd8+ Kxd8 12. Bd4 Kc7 13. Bxc4 Ne7 14. Bc5 Nexc6 15. 0-0-0 Na6 16. Bd6+ Kb6 17. Nd4 Nxd4 18. Rxd4 e5 19. Rd5 Be6 20. Rb5+ Kc6 21. Bxe6 Kxd6 22. Bf5 Nc5 23. Kb1 Rhb8 24. Rd1+ Kc6 25. Rxb8 Rxb8 26. Bxh7 Rh8 27. Bf5 Rxh2 28. Bh3 Ne4 29. Rc1+ Kb6 30. f4 exf4 31. exf4 Nf2 32. Bd7 Nd3 33. Rc6+ Kb7 34. Kc2 Nxf4 35. Rc5 Rxg2+ 36. Kb3 Nd3 0-1

[Event "Keres Memorial 33rd"]
[Site "Vancouver"]
[Date "2008.05.19"]
[Round "6"]
[White "Orlov, Georgi"]
[Black "Berry, Jonathan"]
[Result "1-0"]
[WhiteElo "2563"]
[BlackElo "2284"]
[PlyCount "71"]
[EventDate "2008.05.16"]
[EventType "swiss"]
[EventRounds "7"]
[EventCountry "CAN"]
[SourceTitle "EXT 2011"]
[Source "ChessBase"]
[SourceDate "2010.11.26"]
[SourceVersion "1"]
[SourceVersionDate "2010.11.26"]
[SourceQuality "1"]

1. d4 d6 2. Nf3 g6 3. c4 Bg7 4. g3 c6 5. Nc3 a6 6. a4 a5 7. Bg2 Nf6 8. 0-0 0-0 9. h3 Nbd7 10. e4 e5 11. Be3 exd4 12. Nxd4 Re8 13. Nb3 Ne5 14. Qe2 Be6 15. Nd2 Ned7 16. f4 Nh5 17. Kh2 f5 18. Rad1 Qe7 19. Rfe1 Qf7 20. Qf2 Bxc3 21. bxc3 Nhf6 22. Rb1 Nxe4 23. Bxe4 fxe4 24. Nxe4 Qf5 25. Ng5 Bxc4 26. g4 Qd3 27. Rxb7 Nf6 28. Bd4 Rxe1 29. Qxe1 Re8 30. Re7 Rf8 31. Nxh7 Qc2+ 32. Kg1 Bd5 33. Re2 Qxe2 34. Qxe2 Kxh7 35. Qe7+ Rf7 36. Qd8 1-0

[Event "Montreal Quebec op"]
[Site "Montreal"]
[Date "2007.07.26"]
[Round "7"]
[White "Berry, Jonathan"]
[Black "Jiang, Louie"]
[Result "1/2-1/2"]
[WhiteElo "2241"]
[BlackElo "2072"]
[PlyCount "85"]
[EventDate "2007.07.20"]
[EventType "swiss"]
[EventRounds "9"]
[EventCountry "CAN"]
[SourceTitle "CBM 119 Extra"]
[Source "ChessBase"]
[SourceDate "2007.09.04"]
[SourceVersion "1"]
[SourceVersionDate "2007.09.04"]
[SourceQuality "1"]

1. d4 d5 2. c4 e6 3. Nc3 Nf6 4. Bg5 Nbd7 5. cxd5 exd5 6. e3 c6 7. Bd3 Be7 8. Nge2 0-0 9. Qc2 Re8 10. 0-0 Nf8 11. Rad1 g6 12. f3 Ne6 13. Bh4 a6 14. Qd2 Ne4 15. fxe4 Bxh4 16. e5 c5 17. Bc2 cxd4 18. exd4 Bg5 19. Qd3 Ng7 20. Qf3 Be6 21. Bb3 Nf5 22. Nf4 Bxf4 23. Qxf4 b5 24. Rd3 h5 25. g3 Ra7 26. Qd2 Ng7 27. Ne2 Bf5 28. Rc3 Be4 29. Rc6 Re6 30. Rc5 Ree7 31. Nc3 Ne6 32. Rxd5 Bxd5 33. Nxd5 Red7 34. Nf6+ Kg7 35. Nxd7 Rxd7 36. Bxe6 fxe6 37. Qf4 Rxd4 38. Qf7+ Kh6 39. Qxe6 Rd2 40. Qf6 Qd4+ 41. Rf2 Rxf2 42. Qxf2 Qxe5 43. Qd2+ 1/2-1/2

[Event "Montreal Quebec op"]
[Site "Montreal"]
[Date "2007.07.22"]
[Round "3"]
[White "Berry, Jonathan"]
[Black "Perez Garcia, Rodney Oscar"]
[Result "0-1"]
[WhiteElo "2241"]
[BlackElo "2420"]
[PlyCount "45"]
[EventDate "2007.07.20"]
[EventType "swiss"]
[EventRounds "9"]
[EventCountry "CAN"]
[SourceTitle "CBM 119 Extra"]
[Source "ChessBase"]
[SourceDate "2007.09.04"]
[SourceVersion "1"]
[SourceVersionDate "2007.09.04"]
[SourceQuality "1"]

1. d4 d5 2. c4 c6 3. Nf3 Nf6 4. e3 a6 5. Nbd2 Bf5 6. Be2 e6 7. Nh4 Be4 8. f3 Bg6 9. 0-0 c5 10. Qb3 Nc6 11. cxd5 exd5 12. dxc5 Bxc5 13. Rd1 Qe7 14. Nf1 Rd8 15. Bd2 0-0 16. Nxg6 hxg6 17. Rac1 d4 18. Kh1 dxe3 19. Bxe3 Bxe3 20. Nxe3 Nd4 21. Qd3 Rfe8 22. Rc3 Nb5 23. Qxb5 0-1

[Event "British Columbia-ch"]
[Site "Victoria"]
[Date "2007.04.08"]
[Round "6"]
[White "Jiang, Louie"]
[Black "Berry, Jonathan"]
[Result "0-1"]
[WhiteElo "2072"]
[BlackElo "2255"]
[PlyCount "62"]
[EventDate "2007.04.06"]
[EventType "tourn"]
[EventRounds "7"]
[EventCountry "CAN"]
[SourceTitle "EXT 2008"]
[Source "ChessBase"]
[SourceDate "2007.11.25"]
[SourceVersion "1"]
[SourceVersionDate "2007.11.25"]
[SourceQuality "1"]

1. e4 e5 2. Nf3 Nc6 3. Bb5 g6 4. 0-0 Bg7 5. c3 a6 6. Ba4 d6 7. d4 Bd7 8. dxe5 dxe5 9. Qe2 Nge7 10. Rd1 0-0 11. Be3 Qe8 12. Nbd2 Nd4 13. cxd4 Bxa4 14. b3 Bb5 15. Qe1 Nc6 16. Nxe5 Nxe5 17. dxe5 Qxe5 18. Rac1 Rfd8 19. f3 Bf8 20. a4 Bd3 21. Nc4 Bxc4 22. Rxc4 b5 23. Rcd4 Rxd4 24. Bxd4 Bc5 25. Bxc5 Qxc5+ 26. Qf2 Qc3 27. Qh4 Kg7 28. axb5 axb5 29. h3 Qxb3 30. Rd7 Qe6 31. Rxc7 Qb6+ 0-1

[Event "British Columbia-ch"]
[Site "Victoria"]
[Date "2007.04.08"]
[Round "5"]
[White "Moore, Harry"]
[Black "Berry, Jonathan"]
[Result "1-0"]
[WhiteElo "2290"]
[BlackElo "2255"]
[PlyCount "101"]
[EventDate "2007.04.06"]
[EventType "tourn"]
[EventRounds "7"]
[EventCountry "CAN"]
[SourceTitle "EXT 2008"]
[Source "ChessBase"]
[SourceDate "2007.11.25"]
[SourceVersion "1"]
[SourceVersionDate "2007.11.25"]
[SourceQuality "1"]

1. d4 Nf6 2. c4 c5 3. d5 e5 4. Nc3 d6 5. e4 Be7 6. Nf3 0-0 7. h3 Nbd7 8. Bd3 Ne8 9. 0-0 g6 10. Bh6 Ng7 11. Qc2 Kh8 12. a3 Nf6 13. b4 b6 14. Rab1 Ng8 15. Bxg7+ Kxg7 16. bxc5 bxc5 17. Qa4 Nf6 18. Rb2 Bd7 19. Qc2 Nh5 20. Rfb1 Nf4 21. Bf1 f5 22. Nd2 Rf7 23. Ne2 Bg5 24. Nxf4 Bxf4 25. Bd3 Bxd2 26. Qxd2 f4 27. Be2 h5 28. Rb7 Kh6 29. Qb2 Rf8 30. Bf3 Rh8 31. Qe2 Bc8 32. Rb8 Rxb8 33. Rxb8 Qc7 34. Qb2 Kg7 35. g4 fxg3 36. fxg3 Rf8 37. Bg2 Rf7 38. Ra8 Ba6 39. Qb3 Qb7 40. Qxb7 Rxb7 41. Bf1 Kf7 42. h4 Kf6 43. Rf8+ Ke7 44. Ra8 Kf6 45. Rd8 Ke7 46. Ra8 Kf6 47. Kh2 Rb2+ 48. Kg1 Rb1 49. Kf2 Rb2+ 50. Ke1 Rb1+ 51. Kd2 1-0

[Event "Bellevue Slugfest op"]
[Site "Bellevue"]
[Date "2006.10.15"]
[Round "5"]
[White "Berry, Jonathan"]
[Black "Akobian, Varuzhan"]
[Result "1/2-1/2"]
[WhiteElo "2257"]
[BlackElo "2567"]
[PlyCount "83"]
[EventDate "2006.10.13"]
[EventType "swiss"]
[EventRounds "6"]
[EventCountry "USA"]
[SourceTitle "CBM 114 Extra"]
[Source "ChessBase"]
[SourceDate "2006.11.03"]
[SourceVersion "1"]
[SourceVersionDate "2006.11.03"]
[SourceQuality "1"]

1. e4 e6 2. d4 d5 3. Nc3 Nf6 4. e5 Nfd7 5. f4 c5 6. Nf3 Nc6 7. Be3 a6 8. Qd2 b5 9. Bd3 b4 10. Nd1 Be7 11. 0-0 cxd4 12. Nxd4 Nxd4 13. Bxd4 Nc5 14. Nf2 a5 15. Qe3 Qc7 16. Nh1 Ba6 17. Ng3 g6 18. Rac1 Na4 19. Ne2 Bc5 20. b3 Bxd4 21. Qxd4 Nc3 22. Nxc3 bxc3 23. Rcd1 Ke7 24. Rf3 Rhc8 25. Bxa6 Rxa6 26. Rdd3 Rc6 27. g4 Qb6 28. Qxb6 Rxb6 29. Rxc3 Rxc3 30. Rxc3 Rb4 31. Rc7+ Ke8 32. c4 a4 33. Kf2 axb3 34. axb3 Rxb3 35. cxd5 exd5 36. f5 gxf5 37. gxf5 Rb4 38. Kf3 Re4 39. e6 fxe6 40. fxe6 h6 41. Rd7 Rxe6 42. Rxd5 1/2-1/2

[Event "Bellevue Slugfest op"]
[Site "Bellevue"]
[Date "2006.10.14"]
[Round "3"]
[White "Berry, Jonathan"]
[Black "Readey, John"]
[Result "1-0"]
[WhiteElo "2257"]
[BlackElo "2300"]
[PlyCount "65"]
[EventDate "2006.10.13"]
[EventType "swiss"]
[EventRounds "6"]
[EventCountry "USA"]
[SourceTitle "CBM 114 Extra"]
[Source "ChessBase"]
[SourceDate "2006.11.03"]
[SourceVersion "1"]
[SourceVersionDate "2006.11.03"]
[SourceQuality "1"]

1. d4 d6 2. e4 Nf6 3. Nc3 g6 4. Be3 c6 5. Qd2 b5 6. f3 Nbd7 7. a4 b4 8. Nd1 a5 9. c3 bxc3 10. Nxc3 Bg7 11. h4 Nb6 12. Bh6 Bxh6 13. Qxh6 e5 14. dxe5 dxe5 15. h5 Qe7 16. Rd1 Be6 17. hxg6 fxg6 18. Nh3 Bb3 19. Rd2 Nxa4 20. Nxa4 Bxa4 21. Bc4 Qb4 22. Qg5 Nd7 23. Be6 Nc5 24. Qf6 Rf8 25. Bf7+ Rxf7 26. Qxe5+ Kf8 27. Qh8+ Ke7 28. Qxa8 Nb3 29. Qd8+ Ke6 30. Ng5+ Ke5 31. Nxf7+ Ke6 32. Qd7+ Kf6 33. e5+ 1-0

[Event "Bellevue Slugfest op"]
[Site "Bellevue"]
[Date "2006.10.14"]
[Round "4"]
[White "Friedel, Joshua E"]
[Black "Berry, Jonathan"]
[Result "0-1"]
[WhiteElo "2480"]
[BlackElo "2257"]
[PlyCount "42"]
[EventDate "2006.10.13"]
[EventType "swiss"]
[EventRounds "6"]
[EventCountry "USA"]
[SourceTitle "CBM 114 Extra"]
[Source "ChessBase"]
[SourceDate "2006.11.03"]
[SourceVersion "1"]
[SourceVersionDate "2006.11.03"]
[SourceQuality "1"]

1. e4 e5 2. Nf3 Nc6 3. Bb5 g6 4. d4 exd4 5. Bg5 Be7 6. Bxe7 Qxe7 7. 0-0 Nf6 8. e5 Nh5 9. Bxc6 dxc6 10. Qxd4 0-0 11. Nc3 Bf5 12. Qe3 f6 13. h3 fxe5 14. g4 Nf4 15. gxf5 Nxh3+ 16. Kh2 Rxf5 17. Kxh3 Raf8 18. Nh2 Rh5+ 19. Kg2 Qh4 20. Rh1 Rxf2+ 21. Qxf2 Qh3+ 0-1

[Event "British Columbia-ch"]
[Site "Vancouver"]
[Date "2005.10.09"]
[Round "5"]
[White "Davies, Lucas"]
[Black "Berry, Jonathan"]
[Result "1-0"]
[WhiteElo "2175"]
[BlackElo "2256"]
[PlyCount "55"]
[EventDate "2005.10.07"]
[EventType "tourn"]
[EventRounds "7"]
[EventCountry "CAN"]
[SourceTitle "EXT 2007"]
[Source "ChessBase"]
[SourceDate "2006.11.23"]
[SourceVersion "1"]
[SourceVersionDate "2006.11.23"]
[SourceQuality "1"]

1. e4 c5 2. Nf3 g6 3. d4 cxd4 4. Nxd4 Bg7 5. c4 Nc6 6. Be3 d6 7. Be2 f5 8. exf5 gxf5 9. Bh5+ Kf8 10. Nxc6 bxc6 11. Nc3 Nf6 12. Be2 Rb8 13. b3 Qa5 14. Bd2 h5 15. 0-0 h4 16. h3 Bd7 17. Qc2 Qc7 18. Bd3 e6 19. Rad1 Kf7 20. Bf4 e5 21. Bg5 Rh5 22. f4 e4 23. Be2 Rh7 24. Qd2 Be6 25. Qe3 Qa5 26. Rxd6 Ne8 27. Nxe4 Qxa2 28. Nc5 1-0

[Event "British Columbia-ch"]
[Site "Vancouver"]
[Date "2005.10.08"]
[Round "2"]
[White "Berry, Jonathan"]
[Black "Wright, Stephen"]
[Result "1/2-1/2"]
[WhiteElo "2256"]
[BlackElo "2214"]
[PlyCount "33"]
[EventDate "2005.10.07"]
[EventType "tourn"]
[EventRounds "7"]
[EventCountry "CAN"]
[SourceTitle "EXT 2007"]
[Source "ChessBase"]
[SourceDate "2006.11.23"]
[SourceVersion "1"]
[SourceVersionDate "2006.11.23"]
[SourceQuality "1"]

1. c4 e6 2. Nc3 d5 3. cxd5 exd5 4. d4 Nf6 5. Bg5 Be7 6. e3 0-0 7. Bd3 c6 8. Qc2 Nbd7 9. Nge2 Re8 10. 0-0 Nf8 11. Rad1 Be6 12. f3 Rc8 13. e4 dxe4 14. fxe4 Ng4 15. Bxe7 Qxe7 16. Qd2 Rcd8 17. h3 1/2-1/2

[Event "British Columbia-ch"]
[Site "Vancouver"]
[Date "2005.10.08"]
[Round "3"]
[White "Yoos, John C"]
[Black "Berry, Jonathan"]
[Result "1-0"]
[WhiteElo "2393"]
[BlackElo "2256"]
[PlyCount "37"]
[EventDate "2005.10.07"]
[EventType "tourn"]
[EventRounds "7"]
[EventCountry "CAN"]
[SourceTitle "EXT 2007"]
[Source "ChessBase"]
[SourceDate "2006.11.23"]
[SourceVersion "1"]
[SourceVersionDate "2006.11.23"]
[SourceQuality "1"]

1. e4 d5 2. exd5 Nf6 3. d4 Nxd5 4. Nf3 Bg4 5. h3 Bxf3 6. Qxf3 Nc6 7. Bb5 e6 8. 0-0 Nde7 9. c3 Qd5 10. Qe2 0-0-0 11. Nd2 g5 12. Ne4 h6 13. Bc4 Qf5 14. Bd3 Qd5 15. Nf6 Qa5 16. b4 Qb6 17. Be3 Nd5 18. Nxd5 exd5 19. Qf3 1-0

[Event "Macskasy Memorial-A"]
[Site "Vancouver"]
[Date "2005.07.31"]
[Round "3"]
[White "North, Robert"]
[Black "Berry, Jonathan"]
[Result "0-1"]
[WhiteElo "2150"]
[BlackElo "2256"]
[PlyCount "70"]
[EventDate "2005.07.30"]
[EventType "tourn"]
[EventRounds "5"]
[EventCountry "CAN"]
[SourceTitle "EXT 2009"]
[Source "ChessBase"]
[SourceDate "2008.11.26"]
[SourceVersion "1"]
[SourceVersionDate "2008.11.26"]
[SourceQuality "1"]

1. d4 Nf6 2. c4 c5 3. d5 b5 4. cxb5 a6 5. bxa6 Bxa6 6. Nc3 g6 7. e4 Bxf1 8. Kxf1 d6 9. Nf3 Nbd7 10. h3 Bg7 11. Kg1 0-0 12. Kh2 Qa5 13. Re1 Rfb8 14. Re2 Ne8 15. Rc2 Nc7 16. a3 Nb5 17. Ne2 Rb7 18. Qd3 Ne5 19. Nxe5 Bxe5+ 20. f4 Bg7 21. Bd2 Qa4 22. Rc4 Qa6 23. Ra2 Nc7 24. Nc3 Rb3 25. Qe2 Rab8 26. Be1 Bd4 27. Nd1 e6 28. dxe6 Nxe6 29. Bg3 Bg7 30. Rc2 Qc6 31. Qc4 Nd4 32. Rc3 Qxe4 33. Rxb3 Rxb3 34. Qf1 Ne2 35. Be1 d5 0-1

[Event "Keres Memorial 30th"]
[Site "Vancouver"]
[Date "2005.05.23"]
[Round "6"]
[White "Davies, Lucas"]
[Black "Berry, Jonathan"]
[Result "1/2-1/2"]
[WhiteElo "2170"]
[BlackElo "2254"]
[PlyCount "119"]
[EventDate "2005.05.20"]
[EventType "swiss"]
[EventRounds "7"]
[EventCountry "CAN"]
[SourceTitle "CBM 106 Extra"]
[Source "ChessBase"]
[SourceDate "2005.07.01"]
[SourceVersion "1"]
[SourceVersionDate "2005.07.01"]
[SourceQuality "1"]

1. e4 e5 2. Nf3 Nc6 3. Bb5 g6 4. c3 a6 5. Bc4 Bg7 6. d4 Qe7 7. 0-0 Nf6 8. Re1 0-0 9. Bg5 h6 10. Bh4 d6 11. dxe5 Nxe5 12. Nxe5 Qxe5 13. Bg3 Qc5 14. Qd4 Qxd4 15. cxd4 Nh5 16. e5 Re8 17. f4 dxe5 18. fxe5 Nxg3 19. hxg3 Be6 20. Bxe6 Rxe6 21. Nc3 Rd8 22. Rad1 f6 23. d5 Rxe5 24. Rxe5 fxe5 25. Ne4 c6 26. d6 Bf8 27. d7 Be7 28. Kf2 Kf7 29. Nd6+ Bxd6 30. Rxd6 h5 31. Ke3 Ke7 32. Rxg6 Rxd7 33. Rg5 Ke6 34. Rxh5 Rg7 35. Kf3 Kd5 36. Rh4 c5 37. g4 Kd4 38. Ke2 e4 39. Rh8 Rxg4 40. Rd8+ Kc4 41. Kf2 e3+ 42. Kf3 Re4 43. Ke2 Rd4 44. b3+ Kc3 45. Rb8 Rd2+ 46. Kxe3 Rxg2 47. Rxb7 Rxa2 48. Rb6 Ra3 49. Rc6 Rxb3 50. Rxc5+ Kb4+ 51. Kd4 a5 52. Rc8 a4 53. Ra8 Rh3 54. Rb8+ Ka3 55. Kc4 Ka2 56. Rb7 Rb3 57. Rh7 a3 58. Rh8 Rb6 59. Kc3 Rc6+ 60. Kb4 1/2-1/2

[Event "Keres Memorial 30th"]
[Site "Vancouver"]
[Date "2005.05.21"]
[Round "2"]
[White "Hughey, Micah"]
[Black "Berry, Jonathan"]
[Result "0-1"]
[WhiteElo "2114"]
[BlackElo "2254"]
[PlyCount "90"]
[EventDate "2005.05.20"]
[EventType "swiss"]
[EventRounds "7"]
[EventCountry "CAN"]
[SourceTitle "CBM 106 Extra"]
[Source "ChessBase"]
[SourceDate "2005.07.01"]
[SourceVersion "1"]
[SourceVersionDate "2005.07.01"]
[SourceQuality "1"]

1. e4 d6 2. d4 g6 3. Nc3 a6 4. Be3 b5 5. Qd2 Nd7 6. 0-0-0 Bb7 7. f3 c5 8. Nge2 Rc8 9. h4 h5 10. g3 Ngf6 11. Bh3 b4 12. Nb1 e6 13. Bg5 Be7 14. Rhe1 0-0 15. Nf4 cxd4 16. Qxd4 e5 17. Qxb4 Qc7 18. Nc3 exf4 19. Bxd7 Qxd7 20. e5 d5 21. Qxf4 Ne8 22. Bxe7 Qxe7 23. Nxd5 Qe6 24. Nc3 Rc4 25. Qe3 Ng7 26. Rd6 Qe7 27. Qd3 Rc7 28. Nd5 Bxd5 29. Rxd5 Rfc8 30. c3 Rc6 31. Kb1 Qe6 32. Rd1 Nf5 33. f4 Kg7 34. Rd7 R6c7 35. Rd5 Rc6 36. Rd7 a5 37. Ra7 Rc5 38. Qd7 Kg8 39. Qb7 Rf8 40. Rd7 Nxg3 41. a3 Ne2 42. Rd6 Qf5+ 43. Ka1 Nxf4 44. Rf6 Qxe5 45. Qb6 Rd5 0-1

[Event "Dake Memorial"]
[Site "McMinnville"]
[Date "2004.06.12"]
[Round "8"]
[White "Berry, Jonathan"]
[Black "Anka, Emil"]
[Result "0-1"]
[WhiteElo "2255"]
[BlackElo "2422"]
[PlyCount "98"]
[EventDate "2004.06.05"]
[EventType "tourn"]
[EventRounds "9"]
[EventCountry "USA"]
[EventCategory "3"]
[SourceTitle "CBM 100 Extra"]
[Source "ChessBase"]
[SourceDate "2004.07.06"]
[SourceVersion "2"]
[SourceVersionDate "2004.07.06"]
[SourceQuality "1"]

1. e4 c5 2. Nf3 e6 3. Nc3 a6 4. g3 b5 5. Bg2 Bb7 6. Qe2 d6 7. a4 b4 8. Nd1 Be7 9. d3 Nf6 10. Ne3 Nc6 11. Nc4 d5 12. Nce5 Nxe5 13. Nxe5 0-0 14. 0-0 c4 15. Rd1 cxd3 16. cxd3 Qa5 17. f4 Rfd8 18. Bd2 Bc5+ 19. Kh1 Bd4 20. Nf3 dxe4 21. dxe4 Bxe4 22. Be1 Ba7 23. Ne5 Qc5 24. Bd2 Qd5 25. h4 Bxg2+ 26. Qxg2 Qxg2+ 27. Kxg2 Nd5 28. Kf3 Rac8 29. Rac1 Bd4 30. Nd3 a5 31. g4 g6 32. f5 gxf5 33. gxf5 exf5 34. Bh6 Rxc1 35. Rxc1 f6 36. h5 b3 37. Rc6 Nb6 38. Nc1 Nd7 39. Rc7 Ne5+ 40. Ke2 Re8 41. Nxb3 Ng4+ 42. Kf3 Be5 43. Rg7+ Kh8 44. Rb7 Nxh6 45. Nxa5 Rc8 46. b3 Rc3+ 47. Ke2 f4 48. Nc4 f3+ 49. Kd2 f2 0-1

[Event "Dake Memorial"]
[Site "McMinnville"]
[Date "2004.06.08"]
[Round "4"]
[White "Zilberstein, Dmitry"]
[Black "Berry, Jonathan"]
[Result "1-0"]
[WhiteElo "2392"]
[BlackElo "2255"]
[PlyCount "69"]
[EventDate "2004.06.05"]
[EventType "tourn"]
[EventRounds "9"]
[EventCountry "USA"]
[EventCategory "3"]
[SourceTitle "CBM 100 Extra"]
[Source "ChessBase"]
[SourceDate "2004.07.06"]
[SourceVersion "2"]
[SourceVersionDate "2004.07.06"]
[SourceQuality "1"]

1. d4 d6 2. Nf3 f5 3. g3 Nf6 4. Bg2 c6 5. 0-0 Qc7 6. Nbd2 e5 7. dxe5 dxe5 8. e4 fxe4 9. Ng5 Bg4 10. Qe1 Na6 11. Ngxe4 0-0-0 12. a3 Nc5 13. b4 Ne6 14. Nb3 Be7 15. Bd2 Rhe8 16. f3 Bf5 17. Qf2 b6 18. a4 Nd4 19. Nxd4 exd4 20. b5 c5 21. a5 Nd5 22. axb6 Nxb6 23. Ra6 Kd7 24. Rfa1 Ra8 25. f4 Nd5 26. Ng5 Bxg5 27. Bxd5 Bf6 28. Bc6+ Ke7 29. Bxa8 Rxa8 30. b6 Qc6 31. Rxa7+ Rxa7 32. bxa7 Qa8 33. Qg2 Be4 34. Qxe4+ Qxe4 35. Re1 1-0